000 00360nam a2200157Ia 4500
008 200601s9999 xx 000 0 und d
020 _a978-0-446-61815-1
050 _aFIC Sp2t
050 _b2005
100 _aSparks, Nicholas
245 0 _aTrue Believer
260 _aNew York:
260 _bHachette Books
260 _c2005
300 _a465 pages :
999 _c363445
_d363445